Loading...
| Arts - Music | 3 | 13.33 | 100% | 33% | 0% |
| Arts - Other Arts | 4 | 15.00 | 100% | 50% | 0% |
| Arts - Painting | 4 | 17.50 | 100% | 50% | 25% |
| History - American History | 3 | 16.67 | 100% | 67% | 0% |
| History - European | 4 | 12.50 | 100% | 25% | 0% |
| History - Other History | 2 | 20.00 | 100% | 50% | 50% |
| History - World | 1 | 10.00 | 100% | 0% | 0% |
| History - World History | 2 | 10.00 | 100% | 0% | 0% |
| Literature - American Lit | 4 | 12.50 | 100% | 25% | 0% |
| Literature - British Lit | 6 | 13.33 | 83% | 33% | 17% |
| Literature - European Lit | 3 | 16.67 | 100% | 33% | 33% |
| Literature - World Lit | 2 | 5.00 | 50% | 0% | 0% |
| Mythology | 2 | 10.00 | 100% | 0% | 0% |
| Other - Geo/CE | 3 | 10.00 | 100% | 0% | 0% |
| Other Academic | 1 | 0.00 | 0% | 0% | 0% |
| Pop Culture | 3 | 0.00 | 0% | 0% | 0% |
| Religion | 1 | 20.00 | 100% | 100% | 0% |
| Science - Biology | 3 | 13.33 | 100% | 33% | 0% |
| Science - Chemistry | 1 | 10.00 | 100% | 0% | 0% |
| Science - Engineering | 1 | 10.00 | 100% | 0% | 0% |
| Science - Physics | 5 | 10.00 | 100% | 0% | 0% |
| Thought - Philosophy | 1 | 10.00 | 100% | 0% | 0% |